| 000 | 005350000a22001810004500 | ||
|---|---|---|---|
| 003 | MACL | ||
| 005 | 20160228163136.0 | ||
| 008 | 160228b xxu||||| |||| 00| 0 eng d | ||
| 040 |
_aMACL _cMACL |
||
| 041 | _aHindi | ||
| 082 | _a800 | ||
| 100 |
_aसेठ कन्हैयालाल पोददार _941427 |
||
| 245 | _aकाव्य कल्पद्रुम | ||
| 260 |
_bअनुपम प्रकाशन _c1988 _aपटना |
||
| 350 | _a60 | ||
| 650 |
_aLiteracture _941428 |
||
| 942 |
_cHIN _k800 _2ddc |
||
| 999 |
_c29294 _d29294 |
||